00832nam a2200217 i 450000100060000000300090000600500170001500700030003200800410003510000300007624500940010626000390020030000220023949000280026165000460028970000290033583000750036485200320043999900170047195201260048891266ES-MaACL20250901062533.0t|050128s1959 an ||||1| spa d1 aLe Trocquer, Rene.97093510aHombre, ¿qué eres? / cRene Le Trocquer ; [versión española de Juan Ruiz Calonja]. aAndorra : bCasal i Vall, c[1959] a152 p. ; c19 cm.1 aYo sé, yo creo ; v31 7aAntropología teológica2embne91438941 aRuiz Calonja, J.910068500aYo sé, yo creo: enciclopedia del católico del siglo XXv319186579 aES-MaACLjC-16311 bR.44612 c91266d91266 00104070aATENEOMbATENEOMcGaleríad2008-01-17eSCl0oC-16311p1095287r2023-02-23 00:00:00w2023-02-23yMONOGRAFIA